000 00994nam a2200241 a 4500
001 000019312
005 20250429114229.0
008 100601s2007 sp a 000 0 spa d
020 _a9781407506258
040 _aDO-SdBNP
_bspa
_cBNPHU
082 _a904
_bG341
100 1 _aGenzmer, Herbert
_941537
245 1 0 _aGrandes catástrofes de la historia :
_bdesde desastres naturales hasta guerras y ataques terroristas, sin olvidar algunas desgracias derivadas de los avances tecnológicos /
_cHerbert Genzmer, Sybille Krshner, Christian Schütz.
260 _aBarcelona, :
_bParragon,
_c2007.
300 _a319 p. :
_bil. ;
_c30 cm.
500 _aIncluye datos biográficos de los autores en la solapa de contracubierta
500 _aIncluye índice alfabético
504 _aIncluye referencias bibliográficas ( p. 314 )
650 0 _aDesastres
_941538
650 4 _aDesastres naturales
_xHistoria
_941539
650 4 _aDesastres provocados por el hombre
_xHistoria
_941540
049 _aBNPD
999 _c18830
_d18830